00491nam a2200133Ia 4500008004100000041000800041082001600049100004300065245004500108260006000153300002300213999001500236952010600251240624s9999 xx 000 0 und d aeng a658.404 IND aINDIRA GANDHI NATIONAL OPEN UNIVERSITY aTECHNOLOGY MANAGEMENT TECHNOLOGY DEVELOP c2002aNew DelhibIndira Gandhi National Open University a58 : p. : cm. ; 26 c5281d5281 00104070aIMTNbIMTNcRack 30-Ad2007-05-16o658.404 INDp5281r2024-06-24 00:00:00w2024-06-24yBK